Ramdath v Oswald Daley (T/A D & E Auto Spares) and another (Record no. 42550)

MARC details
000 -LEADER
fixed length control field 01455cab a2200229 4500
001 - CONTROL NUMBER
control field ABS48666
008 - FIXED-LENGTH DATA ELEMENTS--GENERAL INFORMATION
fixed length control field 090401t1993 xxu||||| |||| 00| 0 eng d
035 ## - SYSTEM CONTROL NUMBER
System control number (Sirsi) u67905
041 ## - LANGUAGE CODE
Language code of text/sound track or separate title eng
245 ## - TITLE STATEMENT
Title Ramdath v Oswald Daley (T/A D & E Auto Spares) and another
260 ## - PUBLICATION, DISTRIBUTION, ETC.
Date of publication, distribution, etc. 1993
350 ## - PRICE (NR) (BK AM CF MU VM SE) [OBSOLETE]
Price 0
490 ## - SERIES STATEMENT
Series statement Estates Gazette
Volume/sequential designation (1993) 20 EG 123-125(3)
520 ## - SUMMARY, ETC.
Summary, etc. CA 18 January 1993. The first defendant (D) was lessee of premises in which the plaintiff (R) occupied the second-floor flat. In July 91 the second defendant (A) became manager on behalf of D and demanded a weekly rent of £100 instead of £40, R refused to pay the increase. R returned home one day in August to find himself locked out of the flat and some of his possessions outside. R did not gain readmittance until September. Meanwhile A verbally abused R in front of witnesses on five occasions. The County Court awarded exemplary damages against both D & A. They appealed. D`s appeal dismissed; A`s appeal "held" in part, as exemplary damages could not be ordered against A acting as a landlord`s agent unless it was established that A stood to benefit from the eviction.
650 ## - SUBJECT ADDED ENTRY--TOPICAL TERM
Topical term or geographic name entry element EXEMPLARY DAMAGES
650 ## - SUBJECT ADDED ENTRY--TOPICAL TERM
Topical term or geographic name entry element RENT ARREARS
650 ## - SUBJECT ADDED ENTRY--TOPICAL TERM
Topical term or geographic name entry element PROPERTY-RESIDENTIAL PROPERTY-RESIDENTIAL LANDLORD AND TENANT-RESIDENTIAL TENANCIES
650 ## - SUBJECT ADDED ENTRY--TOPICAL TERM
Topical term or geographic name entry element UNLAWFUL EVICTION
690 ## - LOCAL SUBJECT ADDED ENTRY--TOPICAL TERM (OCLC, RLIN)
Topical term or geographic name as entry element LANDLORD AND TENANT-CASE LAW-RESIDENTIAL TENANCIES
942 ## - ADDED ENTRY ELEMENTS (KOHA)
Suppress in OPAC 0
948 ## - LOCAL PROCESSING INFORMATION (OCLC); SERIES PART DESIGNATOR (RLIN)
c (OCLC) 04/03/1997
Holdings
Withdrawn status Lost status Source of classification or shelving scheme Damaged status Not for loan Home library Current library Shelving location Date acquired Total Checkouts Full call number Barcode Date last seen Copy number Price effective from Koha item type
    Dewey Decimal Classification     London London Journal article 14/09/1999   ABS48666 67905-1001 06/08/2019 1 06/08/2019 Law report